00517nam a2200145 4500082001500000100001800015245005000033260003400083300002400117563000600141856005600147942001300203999001900216952013600235 aBESE-2 SAB aABDUL SABOOR  aCITY INFORMER THE LOCAL ROADS INFORMATION HUB aISLAMABAD bNUST-SEECS c2015 a45p. eCD INCLUDES  aa uhttp://10.250.8.41:8080/xmlui/handle/123456789/6819 2ddccTHE c173231d173231 02102ddc406BESE_2_SAB708THE9226513aCLbCLcTHEd2017-01-20eNUST-SEECSoBESE-2 SABpSEECSP01934r2017-01-20w2017-01-20yTHE